漂流監獄 : 站在漂流海面上的監獄,與海、魚、鯨展開對話。

資料類型: Book 圖書   書目號:52313

Leader xxxxxxxxxx
001 __ PCLIS00052313
005 __ 20221019122546.0
010 0_ |a978-986-177-568-5|b平裝|dNT$250
042 __ |anbic
100 __ |a20120522e20121998m  y0chiy09      e
101 0_ |achi
102 __ |atw
105 __ |ay   z   000cd
200 1_ |a漂流監獄|dFloating prison|zeng|e站在漂流海面上的監獄,與海、魚、鯨展開對話。|f廖鴻基著
205 __ |a二版
210 __ |a臺中市|c晨星出版|d2012[民101]
215 0_ |a233面|d21公分
225 2_ |a自然公園|i海洋文學|v38
225 1_ |a海洋文學|v38
300 __ |a附錄: 凋零海洋, 願做大海的新郎─漁夫作家廖鴻基
410 _0 |12001 |a自然公園|i海洋文學|v38
510 1_ |aFloating prison|zeng
517 1_ |a站在漂流海面上的監獄,與海、魚、鯨展開對話。|zchi
517 1_ |a站在漂流海面上的監獄,與海.魚.鯨展開對話|zchi
606 __ |2cst|a散文
681 __ |a855|b8524
681 __ |a855|b0034-2
700 _1 |a|b鴻基|f1957- |4801 _0 |atw|bNDHU|c20120830|gCCR
801 _1 |atw|b內湖高中|c20180713|gCCR
801 _1 |atw|b內湖高中|c20221019|gCCR
詳細館藏(共 1 筆)
索 書 號登 錄 號冊次號館別 / 館藏地流通類型狀態加入預約清單電子資源
855 / 8524 2020471  圖書館 / 一樓普通區 可外借30天 在館   

| 條列資料




目錄查詢 分類查詢 個人資料 圖書薦購 新書查詢 閉館日 排行榜 更多電子資源 Hami書城 線上資料庫 登出

From : 216.73.217.87

  本日流通累計至 23:45:18 借閱 : 1 次 續借 : 0 次 歸還 : 2 次 預約 : 0 次 電子資源 : 0 次


內湖高中圖書館  PCLIS 版本  26.5.0.12